02643nlm0 22002051i 450 001001300000006001900013007001500032008004100047020001800088040000800106100001500114245039000129260001200519260003000531300001100561520159600572856009302168856009602261856008002357HARMA 217000m g0 d cr mn ---auama260513c go d fre  a9782336576893 bfre0 aYann Hutin aKaunari - Acquisition et projection du savoir rituel dans les chants chamaniques des Wixaritari du Mexique - Volume 2 – tahewari : le chant de chasse ’itáripa : le chant de sacrificebAcquisition et projection du savoir rituel dans les chants chamaniques des Wixaritari du Mexique - Volume 2 – tahewari : le chant de chasse ’itáripa : le chant de sacrifice -  aParis : bEditions L'Harmattan a304 p. aLe second volume de <em>Kaunari </em>fournit la traduction intégrale des chants chamaniques <em>wixaritari </em>sur quoi se fonde l’ethnographie des pratiques rituelles auxquelles le premier volume est consacré. <br>Le chant de chasse au cerf et celui de sacrifice de taureau relatent des épisodes de la mythologie mis en miroir avec les actions des membres du collectif cérémoniel. Le travail de mise abyme se poursuit aussi à travers la relation intertextuelle qu’entretiennent les chants : si l’un expose les règles cosmologiques et sociales, l’autre en définit le champ d’application. <br>Côté formel, on assiste au déploiement d’une optique de l’imagination fondée sur une construction perspective du territoire et sur un régime de vérité instable et paradoxal. Le défi pour l’auditeur consiste dès lors à produire les inférences pertinentes qui lui assurent une interprétation personnelle des énoncés et, partant, la mémorisation de ceux-ci. En somme, comment l’initié peut-il mettre en regard ce qui est exprimé sur le mode du doute avec sa propre expérience rituelle ? <br>Un important appareil de notes de bas de page, associé au glossaire des termes employés dans les chants, permet de comprendre l’ampleur de l’entreprise de traduction, tant pour l’exégète indigène que pour le traducteur. Les énoncés s’enrichissent ainsi de la profondeur contextuelle indispensable à la construction sociale du sens et à la pleine compréhension des chants chamaniques.  40uhttps://www.editions-harmattan.fr/catalogue/couv/9782336576893r.jpg2Image de couverture40uhttps://www.harmatheque.com/downloadebook/97823365768932Télécharger le livre au format PDF40uhttps://www.harmatheque.com/readebook/97823365768932Lire ce livre en ligne